00723nam a2200241Ia 450000500170000000800410001702000180005804100120007608200160008810000200010424500660012425000120019026000370020230000190023944000570025865000280031565000310034370000230037470000220039770000210041970000260044070000150046620260429112112.0260429s9999||||xx |||||||||||||| ||und|| a9781032121529 aEnglish a610.28bCOO aCooper, Rory A. 0aIntroduction to rehabilitation engineering / cRory A. Cooper a2nd ed. aBoca Raton : bCRC Press,c2026. axv, 364 p.; hb aSeries in medical physics and biomedical engineering a Biomedical engineering aRehabilitation engineering a Cooper, Rosemarie a Ohnabe, Hisaichi a Tabakov, Slavik a Titenour, E. Russell aKwan-Hoong